| 000 | 00564nam a2200205Ia 4500 | ||
|---|---|---|---|
| 003 | OSt | ||
| 005 | 20230413110001.0 | ||
| 008 | 210423s2008 xx 000 0 und d | ||
| 020 | _a978817156845 | ||
| 040 | _cAL | ||
| 041 | _aeng | ||
| 082 |
_a829.09 _223 _bHUDW |
||
| 100 |
_aHUDSON (William Henry). _987740 |
||
| 245 | _aOutline history of english literature. | ||
| 260 |
_aNew Delhi _bAtlantic Publishers and Distributors _c2008 |
||
| 300 |
_aiii,258 _bPB |
||
| 365 |
_b495 _cINR |
||
| 906 | _aenglish ; history ; literature. ; Outline | ||
| 942 |
_2ddc _cBK |
||
| 999 |
_c157370 _d157370 |
||